00271nam a2200121Ia 4500008004100000100001600041245002200057260002500079300000900104650001400113942000700127999001500134190216s9999||||xx |||||||||||||| ||und|| aGurdeep Raj 0aChemical Kinetics bGoel Pub Housec2002 a339p aChemistry cBK c3088d3088